00379pab a2200133 454500008004000000100002200040245006000062260000900122300001300131362000800144650001400152650001200166773006700178180718b2008 xxu||||| |||| 00| 0 eng d aSkrentny, John D. aCulture and race/ethnicity: bolder, deeper, and broader c2008 ap.59-77. aSep aEthnicity aCulture aAnnals of the American Academy of Political and Social Science